Speed Racer Quiz - Statistics

General Stats
  • This quiz has been taken 17 times
  • The average score is 6 of 20
Answer Stats
Hint Answer % Correct
What is Speed's car called? Mach 6
86%
Which Marvel film destoyed it in the box office? Iron Man
50%
What combat sport did Pops compete in? Wrestling
50%
Speed's mechanic Sparky is from which country? Australia
36%
Who hides in Speed's trunk? Spritle, Chim-Chim
36%
Name a racer other than Speed or Rex Taejo Togokahn, Grey Ghost, ...
36%
Who says "Cool beans"? Trixie
36%
Name any actor in the movie Emile Hirsch, Christina Ricci, ...
29%
Which fish does Crusher Block keep? Piranhas
29%
Who were the directors? The Wachowskis
29%
When did the anime first air? 1967-68
21%
Who is the main antagonist? Arnold Royalton
21%
It received a nomination in which parody awards? Golden Raspberry
21%
Creator Tatsuo Yoshida was from which city? Kyoto
21%
Name the composer or any of his other film scores Michael Giacchino, Up, Star Trek...
21%
Name a race Speed wins solo Thunderhead, Grand Prix
21%
What country was it filmed in? Germany
14%
The original anime dubbers appear in which role? Announcers
7%
In what race did Rex die? Casa Cristo 5000
7%
What are Mom & Pops Racer real names? Mom & Pops
7%
No matching quizzes found
Score Distribution
Percent of People with Each Score
Percentile by Number Answered
Your Score History
You have not taken this quiz